GIRASOLI (I) (Record n. 105923)

Dettagli MARC
000 -LEADER
fixed length control field 01649agaaa2200325 4500
001 - CONTROL NUMBER
control field 6155
003 - CONTROL NUMBER IDENTIFIER
control field IT-RoPAU
005 - DATE AND TIME OF LATEST TRANSACTION
control field 20220918181238.0
007 - PHYSICAL DESCRIPTION FIXED FIELD--GENERAL INFORMATION
fixed length control field d cvaizq
008 - FIXED-LENGTH DATA ELEMENTS--GENERAL INFORMATION
fixed length control field 50131s9999||||xx ||| | || ||und||
040 ## - CATALOGING SOURCE
Original cataloging agency IT-RoPAU
Transcribing agency IT-RoPAU
041 ## - LANGUAGE CODE
Language code of text/sound track or separate title ITALIANO
100 ## - MAIN ENTRY--PERSONAL NAME
Personal name De Sica Vittorio
Miscellaneous information Codice regista SPICS: 7270
9 (RLIN) 44116
130 ## - MAIN ENTRY--UNIFORM TITLE
Uniform title GIRASOLI (I)
9 (RLIN) 44117
245 ## - TITLE STATEMENT
Title GIRASOLI (I)
Statement of responsibility, etc. Prodotto da: Ponti Carlo Cohn A. -- Sceneggiatura: Guerra Tonino Zavattini Cesare -- Diretto da: De Sica Vittorio
Name of part/section of a work GIRASOLI (I) (Rif. Codice opera principale : 26155)
250 ## - EDITION STATEMENT
Edition statement Edizione Standard
260 ## - PUBLICATION, DISTRIBUTION, ETC. (IMPRINT)
Place of publication, distribution, etc. ROMA - PARIGI (ITALIA)
Name of publisher, distributor, etc. CHAMPION - LES FILMS CONCORDIA / Distribuzione: RAI
Date of manufacture "1970 (1° ed.: 1984 ; Ed. Lingua Orig.: 1970)"
300 ## - PHYSICAL DESCRIPTION
Extent VHS
Other physical details sonoro, col.
Dimensions 120 minuti
508 ## - CREATION/PRODUCTION CREDITS NOTE
Creation/production credits note "Fotografia: Rotunno Giuseppe; Montaggio: Novelli Adriana; Musica: Mancini Henry; Sceneggiatura: Guerra Tonino Zavattini Cesare; Scenografia: Poletto Piero; Soggetto: Guerra Antonio -- Zavattini Cesare"
511 ## - PARTICIPANT OR PERFORMER NOTE
Participant or performer note "Loren Sophia; Mastroianni Marcello; Saveljeva Ljudmila; Andreeva Alina; Carena Anna"
520 ## - SUMMARY, ETC.
Summary, etc. COMMEDIA DRAMMATICA SOLDATO DISPERSO NAPOLI U.R.S.S. GUERRA
538 ## - SYSTEM DETAILS NOTE
System details note PAL, STEREO
546 ## - LANGUAGE NOTE
Language note ITALIANO
650 ## - SUBJECT ADDED ENTRY--TOPICAL TERM
Topical term or geographic name as entry element DRAMMATICO
Relator term FILMS [VHS]
General subdivision Codice MATERIA SPICS: 9960
9 (RLIN) 34083
700 ## - ADDED ENTRY--PERSONAL NAME
Personal name De Sica Vittorio
Relator term (regista)
Miscellaneous information Codice regista SPICS: 7270
9 (RLIN) 44118
700 ## - ADDED ENTRY--PERSONAL NAME
Personal name Guerra Antonio
Relator term (soggetto)
Miscellaneous information Codice Soggetto SPICS: 5722
9 (RLIN) 44119
700 ## - ADDED ENTRY--PERSONAL NAME
Personal name Mancini Henry
Relator term (musica)
Miscellaneous information Codice Musica SPICS: 11002
9 (RLIN) 44120
700 ## - ADDED ENTRY--PERSONAL NAME
Personal name Zavattini Cesare
Relator term (soggetto)
Miscellaneous information Codice Soggetto 2° SPICS: 3365
9 (RLIN) 44121
942 ## - ADDED ENTRY ELEMENTS (KOHA)
Koha item type VHS - VIDEO
Source of classification or shelving scheme Dewey Decimal Classification
Dati di copia
Withdrawn status Lost status Damaged status Not for loan Home library Current library Date acquired Total Checkouts Full call number Date last seen Price effective from Koha item type Public note
    Buone Condizioni Not For Loan SPICS-MEDIATECA SPICS-MEDIATECA 31/01/2015   26155 31/01/2015 31/01/2015 VHS - VIDEO Progr. Ins.: 1571 / N.Vol.:1 / Copie: 1 / Pag.: / Copia rara: NO / date import: 1.2.2015 / By Epidotti, Trombetti, Vaglietti
CREDITS: SOCIETA' SAN PAOLO Via A.Severo, 58 - ROMA (RM) & PERIODICI SAN PAOLO SRL Via Giotto, 36 MILANO & CISF Via Giotto, 36 MILANO & EDIZIONI SAN PAOLO SRL,  Piazza Soncino, 5 CINISELLO BALSAMO (MI) -- ITALY